000 00324nam a2200133Ia 4500
005 20251222155138.0
008 251222s9999||||xx |||||||||||||| ||spa||
082 _aESC. 34.2
100 _aLEVY - LAMBERT.
245 0 _aManual de Tecnicas Basicas p/Lab. de Salud
250 _a1ra. ed.
264 _bOPS/OMS
942 _cLIB
999 _c39087
_d39087